000 00417nam a2200169Ia 4500
008 230524s9999 xx 000 0 und d
020 _a8178086700
082 _a4.162
_bWEI
100 _aMank Allen Weiss
245 0 _aData Structures and Algorithim Analysis in C
250 _a4TH
260 _aNEW DELHI
_bPearson
_c2005
300 _aXV;510
500 _aQuantity Number: 8
650 _aComp-Sc
942 _cBK
999 _c6914
_d6914